| 000 | 00634cam a2200205 4500500 | ||
|---|---|---|---|
| 005 | 20260405001505.0 | ||
| 041 | _afre | ||
| 042 | _adc | ||
| 100 | 1 | 0 |
_aNathan, Tobie _eauthor |
| 245 | 0 | 0 | _aLe principe d’anarchie. Heidegger et la question de l’agir |
| 260 | _c2013. | ||
| 500 | _a52 | ||
| 690 | _aAnarchie | ||
| 690 | _aDessaisie | ||
| 690 | _aHeidegger | ||
| 690 | _aMehdi Belhaj Kacem | ||
| 690 | _aReiner Schürmann | ||
| 786 | 0 | _nPhilosophie magazine | 69 | 5 | 2013-05-01 | p. 62-62 | 1951-1787 | |
| 856 | 4 | 1 | _uhttps://shs.cairn.info/magazine-philosophie-magazine-2013-5-page-62?lang=fr&redirect-ssocas=7080 |
| 999 |
_c2048235 _d2048235 |
||